000 00291nam a2200121Ia 4500
008 220216s9999 xx 000 0 und d
100 _aSoman T A
245 0 _aRubberinoru naveena nadeel reethi
260 _bRubber Mithram
_c2008
300 _a17-23
700 _aVarghese Y A
942 _cJS
999 _c68229
_d68229